000 00692nam a2200241Ia 4500
003 OSt
005 20221006144625.0
006 a|||||r|||| 00| 0
007 ta
008 221006b |||||||| |||| 00| 0 eng d
020 _c
_2.50
024 _a12,171
037 _cTextual
040 _aEASL
_cEASL
_beng
041 _2eng
_aeng
082 _aV41.D5, J9;1
100 _aMILLER Roy Andrew Tr.
_9652460
245 0 _aAccounts of western nations in the history of the northern chou dynasty
260 _aBerkelry
_bUniversity of California Press
_c1959
300 _a84p.
_ccm.
942 _hV41.D5, J9;1
_cTEXL
_2CC
999 _c1080257
_d1080257